000 00272nam a22001217a 4500
041 _aENG
100 _aSingh.S
245 _aFarm Tools And Equipment For Agriculture
260 _aNew Delhi
_bNew India Pub
_c2016
300 _a698
650 _aFMP
856 _uFMP ( 04 )
999 _c1454
_d1454